Manual de derecho tributario: el impuesto a la renta, parte general

Saved in:
Bibliografiske detaljer
Hovedforfatter: Figueroa Velasco, Patricio (autor)
Format: Bog
Sprog:spansk
Udgivet: Santiago Jurídica de Chile 1997
Udgivelse:2a. ed
Serier:Manuales Jurídicos, 82
Fag:
Tags: Tilføj Tag
Ingen Tags, Vær først til at tagge denne postø!

MARC

LEADER 00000nam a2200000 a 4500
001 UCR3014
003 CL-VaPUC
008 980123e19970000CL |||||||||||||||||spa|d
020 |a 9789561011939 
082 0 4 |a 343.052  |b FIG  |2 21 
100 |a Figueroa Velasco, Patricio  |e autor  |9 586438 
245 1 0 |a Manual de derecho tributario: el impuesto a la renta, parte general 
250 |a 2a. ed 
300 |a 208 p 
942 |c BK 
945 |d 19980123 00:00:00  |a jquezada 
260 |a Santiago  |b Jurídica de Chile  |c 1997 
650 0 |a Derecho tributario  |9 258895 
650 7 |a IMPUESTO SOBRE LA RENTA ASPECTOS JURIDICOS  |2 CL-VaPUC  |9 329138 
583 |a last modification  |c 19980123 00:00:00  |k Rodrigo Vera 
490 0 |a Manuales Jurídicos, 82 
999 |c 266130  |d 266128 
952 |0 0  |1 0  |4 0  |6 343_052000000000000_FIG_1997  |7 0  |8 A  |9 297490  |a BIBDER  |b BIBDER  |d 2019-11-20  |i 4357744  |o 343.052 FIG 1997  |p 4357744  |r 2023-01-25  |w 2019-11-20  |y BK  |k DER